Chi ha detto queste frasi (Rap USA) - Statistics

Statistiche generali
  • Questo quiz è stato fatto 182 volte
  • Il punteggio medio è 11 su 21
Statistiche sulle risposte
Hint Risposta % Corretto
She say, "Do you love me?", I tell her, "Only partly I only love my bed and my momma, I'm sorry" Drake
88%
For all my Southside niggas that know me best, I feel like me and Taylor might still have sex Kanye West
82%
I got 1-2-3-4-5-6-7-8 M's in... 21 Savage
76%
She a porn star girl, ah, From the valley, Who left her hometown world all for that alley Travis Scott
71%
Rich flair drip go "woo" on a bitch, 57-90, Split the coupe on my wrist Offset
70%
Now they always say congratulations, Work so hard forgot how to vacation Post Malone
63%
Bought a spaceship, Now I'm a space cadet, Big white mansion in my habitat Gunna
60%
Yellow tape around his body, it's a fucking homicide YNW Melly
58%
Tunechi be the name, don't ask me how I got it, I'm killing these hoes, I swear I'm tryna stop the violence Lil Wayne
53%
Facts, my bitch love coco, Woo back, baby, Let me see some' Pop Smoke
53%
I'm representin' for them gangstas all across the world, (Still) hittin' them corners in them low-low's, girl Snoop Dogg
53%
I been on the molly and them Xans with your daughter, If she catch me cheating, I will never tell her sorry Future
51%
What? Playboi Carti
49%
I love bad bitches that's my fucking problem A$AP Rocky
48%
How many billionaires can come from Hov crib?, I count three, me, Ye and Rih, Bron's a Roc boy, so four technically Jay Z
42%
Some niggas make millions, Other niggas make memes J Cole
39%
If I ain't rap 'cause I flipped burgers at Burger King, Would you be ashamed to tell your friends that you feelin' me? 50 Cent
37%
X gon' give it to ya, Fuck waiting for you to get it on yourn own, X gon' deliver to ya DMX
36%
As I walk through the valley of the shadow of death, I took a look at my life and realize there's nothin' left Coolio
35%
You was right, I was wrong Lil Uzi Vert
35%
I'm like "Hey, what's up? Hello", Seen yo' pretty ass, Soon as you came in the door Fetty Wap
21%
Nessun quiz corrispondente trovato
Distribuzione punteggi
Percentuale di utenti per punteggio
Percentile per numero di risposta
I tuoi punteggi nel tempo
Non hai fatto questo quiz